[Event "Africa-ch rapid"]
[Site "Accra"]
[Date "2024.03.10"]
[Round "1"]
[White "Asabri, Hussien"]
[Black "Fomevor, Cephas Clinton"]
[Result "1/2-1/2"]
[WhiteElo "2196"]
[BlackElo "1887"]
[PlyCount "93"]
[EventDate "2024.03.07"]
[EventType "swiss (rapid)"]
[EventRounds "6"]
[EventCountry "GHA"]
[SourceTitle "CB15_2024"]
[SourceDate "2024.04.10"]
[SourceVersion "1"]
[SourceVersionDate "2024.04.10"]
[SourceQuality "1"]

1. d4 d5 2. Nf3 Nf6 3. c4 c6 4. Nc3 a6 5. c5 Bf5 6. Qb3 Ra7 7. Bf4 e6 8. e3 Nbd7 9. h3 Be7 10. Be2 0-0 11. 0-0 Ne4 12. Rfc1 Re8 13. Qd1 Bf6 14. Bh2 e5 15. Nxe4 Bxe4 16. b4 exd4 17. exd4 Ra8 18. a4 Nf8 19. Ne5 Ng6 20. Nf3 h6 21. b5 axb5 22. axb5 Ra5 23. b6 Qa8 24. Bg3 Ne7 25. Ne5 Nf5 26. Bh2 Nh4 27. f3 Bh7 28. Qe1 Ra3 29. Bf4 Nf5 30. Qd1 g5 31. Bh2 Ne3 32. Qe1 Nf5 33. Bd3 Nxd4 34. Bxh7+ Kxh7 35. Qd1 Bxe5 36. Bxe5 Rxe5 37. Qxd4 Re6 38. Kh2 Qb8+ 39. Kh1 Rxa1 40. Rxa1 Qe8 41. Ra7 Re1+ 42. Kh2 Qb8+ 43. g3 Re2+ 44. Kh1 Qe8 45. Qd3+ Kg8 46. Rxb7 Re1+ 47. Kg2 1/2-1/2

[Event "Africa-ch rapid"]
[Site "Accra"]
[Date "2024.03.10"]
[Round "6"]
[White "Oluka, Robert Mcligeyo"]
[Black "Asabri, Hussien"]
[Result "1/2-1/2"]
[WhiteElo "2041"]
[BlackElo "2196"]
[PlyCount "97"]
[EventDate "2024.03.07"]
[EventType "swiss (rapid)"]
[EventRounds "6"]
[EventCountry "GHA"]
[SourceTitle "CB15_2024"]
[SourceDate "2024.04.10"]
[SourceVersion "1"]
[SourceVersionDate "2024.04.10"]
[SourceQuality "1"]

1. e4 e5 2. Nf3 Nc6 3. Bc4 Nf6 4. d3 Bc5 5. c3 d6 6. 0-0 a6 7. h3 Ba7 8. Re1 h6 9. Nbd2 0-0 10. Nf1 Be6 11. Bxe6 fxe6 12. Qb3 Qd7 13. Be3 Bxe3 14. Rxe3 Rab8 15. Ng3 Qf7 16. d4 Nd7 17. Rf1 Kh8 18. Qd1 Qg6 19. Nh4 Qg5 20. Nf3 Qg6 21. Nh4 Qf6 22. Qg4 Kh7 23. d5 Ne7 24. Rf3 Qg5 25. Qxe6 Nc5 26. Qg4 Rf4 27. Rxf4 exf4 28. Ngf5 Nxe4 29. Qxg5 hxg5 30. Nxe7 gxh4 31. Re1 Nf6 32. c4 b5 33. Nc6 Rb6 34. b3 bxc4 35. bxc4 Rb2 36. Re7 Rxa2 37. Rxc7 Rc2 38. Nb4 Rc1+ 39. Kh2 Ne4 40. Nd3 Rc2 41. Nxf4 Rxf2 42. Ne6 Nd2 43. Kg1 Rf1+ 44. Kh2 Rf2 45. Kg1 Rf1+ 46. Kh2 Rf2 47. Kg1 Rf1+ 48. Kh2 Rf2 49. Kg1 1/2-1/2

[Event "Africa-ch rapid"]
[Site "Accra"]
[Date "2024.03.10"]
[Round "2"]
[White "Rongwane, Gomolemo"]
[Black "Asabri, Hussien"]
[Result "1-0"]
[WhiteElo "2021"]
[BlackElo "2196"]
[PlyCount "65"]
[EventDate "2024.03.07"]
[EventType "swiss (rapid)"]
[EventRounds "6"]
[EventCountry "GHA"]
[SourceTitle "CB15_2024"]
[SourceDate "2024.04.10"]
[SourceVersion "1"]
[SourceVersionDate "2024.04.10"]
[SourceQuality "1"]

1. d4 Nf6 2. Nf3 g6 3. g3 Bg7 4. Bg2 0-0 5. 0-0 d6 6. Nc3 a6 7. e4 Bg4 8. h3 Bxf3 9. Bxf3 Nc6 10. Nb1 Nd7 11. c3 e5 12. Be3 exd4 13. cxd4 Qf6 14. Nc3 Nxd4 15. Bg2 c6 16. f4 Rfe8 17. Qd2 Nb5 18. Rac1 Rad8 19. Qf2 Qe7 20. Rfe1 Nc5 21. Bxc5 dxc5 22. e5 f6 23. f5 fxe5 24. fxg6 e4 25. Nxb5 axb5 26. Kh2 hxg6 27. Rxe4 Qf6 28. Rf4 Qxb2 29. Rc2 Qe5 30. Rxc5 Qe3 31. Qc2 Rd2 32. Qxg6 Re7 33. Rcf5 1-0

[Event "Online Olym Base C"]
[Site "Chess.com INT"]
[Date "2020.07.27"]
[Round "8.4"]
[White "Van den Brink, Peter"]
[Black "Asabri, Hussien"]
[Result "0-1"]
[WhiteElo "2180"]
[BlackElo "2219"]
[PlyCount "60"]
[EventDate "2020.07.25"]
[EventType "team-tourn (rapid)"]
[EventRounds "9"]
[EventCountry "USA"]
[SourceTitle "CBM 198"]
[Source "ChessBase"]
[SourceDate "2020.10.31"]
[SourceVersion "1"]
[SourceVersionDate "2020.10.31"]
[SourceQuality "1"]
[WhiteTeam "Aruba"]
[BlackTeam "Libya"]
[WhiteTeamCountry "ARN"]
[BlackTeamCountry "LBY"]

1. c4 Nf6 2. g3 g6 3. Bg2 Bg7 4. Nc3 0-0 5. e4 d6 6. Nge2 c5 7. 0-0 Nc6 8. d3 a6 9. h3 Rb8 10. a4 Ne8 11. Be3 Nd4 12. Rb1 Bd7 13. b4 b6 14. Kh2 Nc7 15. f4 e6 16. b5 axb5 17. axb5 Ra8 18. Bxd4 cxd4 19. Na4 Rb8 20. Ra1 f5 21. Qe1 e5 22. Rg1 Ne6 23. exf5 gxf5 24. Bd5 Qf6 25. Qb4 Qe7 26. Rae1 Kh8 27. fxe5 Bxe5 28. Rgf1 f4 29. Bxe6 fxg3+ 30. Nxg3 Qxe6 0-1

[Event "Online Olym Base C"]
[Site "Chess.com INT"]
[Date "2020.07.26"]
[Round "5.3"]
[White "Asabri, Hussien"]
[Black "Michaelides, Konstantinos"]
[Result "0-1"]
[WhiteElo "2219"]
[BlackElo "2260"]
[PlyCount "130"]
[EventDate "2020.07.25"]
[EventType "team-tourn (rapid)"]
[EventRounds "9"]
[EventCountry "USA"]
[SourceTitle "CBM 198"]
[Source "ChessBase"]
[SourceDate "2020.10.31"]
[SourceVersion "1"]
[SourceVersionDate "2020.10.31"]
[SourceQuality "1"]
[WhiteTeam "Libya"]
[BlackTeam "Cyprus"]
[WhiteTeamCountry "LBY"]
[BlackTeamCountry "CYP"]

1. d4 Nf6 2. Nf3 e6 3. Bg5 Be7 4. Nbd2 d5 5. e3 0-0 6. Bd3 h6 7. Bh4 b6 8. 0-0 Bb7 9. Ne5 Nbd7 10. f4 Ne4 11. Bxe7 Qxe7 12. Ndf3 c5 13. c3 Rfd8 14. Qe2 Rac8 15. Rae1 Ndf6 16. g4 Ne8 17. Qg2 N8d6 18. Qh3 f6 19. Ng6 Qe8 20. f5 Bc6 21. Nfh4 exf5 22. gxf5 Rd7 23. Qg2 Bb5 24. Bxb5 Nxb5 25. Nf4 Qf7 26. Kh1 Re8 27. Rg1 Ng5 28. Nf3 Nxf3 29. Qxf3 cxd4 30. Ne6 Rxe6 31. fxe6 Qxe6 32. exd4 Qf7 33. Qf5 Nd6 34. Qf4 Ne4 35. Rg2 Kh7 36. Reg1 Qe6 37. Qf3 Re7 38. Qf4 Ng5 39. Qg3 Qe4 40. h4 Ne6 41. Re1 Qf5 42. Qg4 Qxg4 43. Rxg4 Kg8 44. Rg2 Kf7 45. Rge2 g6 46. c4 Re8 47. cxd5 Ng7 48. Rxe8 Nxe8 49. Re6 Nc7 50. Rd6 Ke7 51. Rc6 Nxd5 52. Rc8 g5 53. Rh8 Kf7 54. hxg5 hxg5 55. Rh7+ Kg6 56. Rxa7 Kf5 57. a4 Ke4 58. Rg7 Kxd4 59. Kg2 Ke4 60. Kf2 Nf4 61. Re7+ Kf5 62. Rb7 Nd3+ 63. Kg3 Nxb2 64. a5 Nc4 65. axb6 Ke4 0-1

[Event "Arab-ch"]
[Site "Dubai"]
[Date "2018.12.05"]
[Round "9"]
[White "Asabri, Hussien"]
[Black "Issa, Rafat"]
[Result "0-1"]
[WhiteElo "2212"]
[BlackElo "2378"]
[PlyCount "86"]
[EventDate "2018.11.28"]
[EventType "swiss"]
[EventRounds "9"]
[EventCountry "UAE"]
[SourceTitle "CBM 187 Extra"]
[Source "ChessBase"]
[SourceDate "2018.11.04"]
[SourceVersion "1"]
[SourceVersionDate "2018.11.04"]
[SourceQuality "1"]

1. d4 Nf6 2. Bg5 d6 3. Nc3 Nbd7 4. Qd2 e5 5. e4 Be7 6. f3 c6 7. Nge2 b5 8. Ng3 g6 9. Be2 h5 10. h4 Qc7 11. f4 b4 12. Nd1 exd4 13. Qxd4 c5 14. Qd3 Bb7 15. Ne3 Rd8 16. Nd5 Nxd5 17. exd5 Nb6 18. Bf3 f5 19. 0-0-0 Bxg5 20. hxg5 Qf7 21. Rhe1+ Kd7 22. Re6 h4 23. Nf1 h3 24. g3 h2 25. Ne3 Kc8 26. Rf6 Qe8 27. Bh1 Rh3 28. Re6 Qa4 29. Rxg6 Rxg3 30. Kb1 Kb8 31. Re6 b3 32. axb3 Qxf4 33. Qxf5 Qxf5 34. Nxf5 Rxg5 35. Rxd6 Re8 36. Rf6 Rg1 37. Kc1 Ree1 38. Rf8+ Nc8 39. Rxe1 Rxe1+ 40. Kd2 Rxh1 41. d6 Rf1 42. d7 h1Q 43. d8Q Rd1+ 0-1

[Event "Arab-ch"]
[Site "Dubai"]
[Date "2018.11.30"]
[Round "4"]
[White "Al Mahmood, Salman"]
[Black "Asabri, Hussien"]
[Result "1/2-1/2"]
[WhiteElo "1639"]
[BlackElo "2212"]
[PlyCount "50"]
[EventDate "2018.11.28"]
[EventType "swiss"]
[EventRounds "9"]
[EventCountry "UAE"]
[SourceTitle "CBM 187 Extra"]
[Source "ChessBase"]
[SourceDate "2018.11.04"]
[SourceVersion "1"]
[SourceVersionDate "2018.11.04"]
[SourceQuality "1"]

1. e4 e5 2. d4 exd4 3. Qxd4 Nc6 4. Qe3 Nf6 5. Nc3 Bb4 6. Bd2 0-0 7. 0-0-0 Re8 8. Qg3 Rxe4 9. a3 Rg4 10. Qe3 Ba5 11. f3 Bb6 12. Qe1 Rg6 13. g4 Ne8 14. Bd3 Re6 15. Qg3 d5 16. f4 d4 17. Ne4 Qd5 18. Kb1 Bd7 19. Nf2 Nd6 20. Nf3 Nc4 21. Ne1 Ree8 22. Nf3 Re6 23. Ne1 Ree8 24. Nf3 Re6 25. Ne1 Ree8 1/2-1/2

[Event "Arab-ch"]
[Site "Dubai"]
[Date "2018.11.29"]
[Round "2"]
[White "Aborezika, Mohamed"]
[Black "Asabri, Hussien"]
[Result "1/2-1/2"]
[WhiteElo "2060"]
[BlackElo "2212"]
[PlyCount "47"]
[EventDate "2018.11.28"]
[EventType "swiss"]
[EventRounds "9"]
[EventCountry "UAE"]
[SourceTitle "CBM 187 Extra"]
[Source "ChessBase"]
[SourceDate "2018.11.04"]
[SourceVersion "1"]
[SourceVersionDate "2018.11.04"]
[SourceQuality "1"]

1. d4 Nf6 2. c4 g6 3. Nc3 Bg7 4. Nf3 0-0 5. e4 d6 6. Be2 e5 7. dxe5 dxe5 8. Qxd8 Rxd8 9. Bg5 Re8 10. 0-0-0 c6 11. Rd6 Ng4 12. Bh4 Bf8 13. Rdd1 Nd7 14. h3 Ngf6 15. Kb1 Be7 16. g4 Bb4 17. Nd2 Kg7 18. Kc2 Nc5 19. f3 Ne6 20. Nb3 Nf4 21. Rh2 Ne6 22. Rhh1 Nf4 23. Rh2 Ne6 24. Rhh1 1/2-1/2

[Event "Arab-ch"]
[Site "Dubai"]
[Date "2018.11.28"]
[Round "1"]
[White "Asabri, Hussien"]
[Black "Bellahcene, Bilel"]
[Result "0-1"]
[WhiteElo "2212"]
[BlackElo "2516"]
[PlyCount "112"]
[EventDate "2018.11.28"]
[EventType "swiss"]
[EventRounds "9"]
[EventCountry "UAE"]
[SourceTitle "CBM 187 Extra"]
[Source "ChessBase"]
[SourceDate "2018.11.04"]
[SourceVersion "1"]
[SourceVersionDate "2018.11.04"]
[SourceQuality "1"]

1. d4 d5 2. Nf3 Nf6 3. c4 e6 4. Nbd2 c5 5. cxd5 exd5 6. dxc5 Bxc5 7. e3 0-0 8. Be2 Nc6 9. 0-0 Re8 10. a3 a5 11. Qc2 Ba7 12. Bb5 Bd7 13. Qa4 Rc8 14. Qh4 Ne5 15. Bxd7 Qxd7 16. Nxe5 Rxe5 17. h3 Rc2 18. Qf4 Rf5 19. Qh4 h6 20. b4 a4 21. b5 d4 22. exd4 Rxb5 23. Nf3 Bb8 24. d5 Rxd5 25. Be3 b5 26. Rab1 Bd6 27. Rfd1 Rxd1+ 28. Rxd1 Bh2+ 29. Kxh2 Qxd1 30. Bxh6 Qd6+ 31. Bf4 Qxa3 32. Nd4 Rc5 33. Bd6 Qc3 34. Bxc5 Qxc5 35. Qf4 a3 36. Nf5 a2 37. Qg5 Qe5+ 38. f4 Qxf5 39. Qxf5 a1Q 40. Qc8+ Kh7 41. Qf5+ g6 42. Qxb5 Qd4 43. Qg5 Nh5 44. f5 Qe5+ 45. g3 Qxf5 46. Qxf5 gxf5 47. Kg2 Kg6 48. Kf3 Kg5 49. h4+ Kg6 50. Kf2 Ng7 51. Kf3 Ne6 52. Kg2 Kh5 53. Kh3 f6 54. Kh2 Kg4 55. Kg2 Ng7 56. Kh2 Nh5 0-1

[Event "Tripoli Naami op"]
[Site "Tripoli"]
[Date "2017.04.02"]
[Round "5"]
[White "Mahdia, Farage"]
[Black "Asabri, Hussien"]
[Result "0-1"]
[WhiteElo "2020"]
[BlackElo "2224"]
[PlyCount "71"]
[EventDate "2017.03.30"]
[EventType "swiss"]
[EventRounds "9"]
[EventCountry "LBY"]
[SourceTitle "CBM 177 Extra"]
[Source "ChessBase"]
[SourceDate "2017.04.27"]
[SourceVersion "1"]
[SourceVersionDate "2017.04.27"]
[SourceQuality "1"]

1. c4 Nf6 2. Nc3 g6 3. g3 Bg7 4. Bg2 0-0 5. Nf3 d6 6. 0-0 Nc6 7. d3 e5 8. Rb1 a5 9. a3 h6 10. h3 Be6 11. e4 Qc8 12. Kh2 Ne7 13. Be3 Ne8 14. Nd5 Nxd5 15. cxd5 Bd7 16. d4 exd4 17. Bxd4 Nf6 18. Nd2 Ng4+ 19. hxg4 Bxd4 20. Nc4 Bg7 21. Ne3 Qd8 22. f4 Re8 23. Qd3 Qf6 24. Bf3 Qd4 25. Qxd4 Bxd4 26. Nc2 Bc5 27. Rfe1 f6 28. Kg2 Ra6 29. b4 axb4 30. axb4 Bb6 31. Rb2 Rea8 32. Be2 Ra2 33. Reb1 Kg7 34. f5 R8a7 35. Bc4 Rxb2 36. Rxb2 0-1

[Event "Tripoli Naami op"]
[Site "Tripoli"]
[Date "2017.03.30"]
[Round "1"]
[White "Alshareef, Alla Aldean Othman"]
[Black "Asabri, Hussien"]
[Result "0-1"]
[WhiteElo "1829"]
[BlackElo "2224"]
[PlyCount "50"]
[EventDate "2017.03.30"]
[EventType "swiss"]
[EventRounds "9"]
[EventCountry "LBY"]
[SourceTitle "CBM 177 Extra"]
[Source "ChessBase"]
[SourceDate "2017.04.27"]
[SourceVersion "1"]
[SourceVersionDate "2017.04.27"]
[SourceQuality "1"]

1. d4 Nf6 2. Nf3 c5 3. d5 d6 4. c4 g6 5. Nc3 Bg7 6. e4 0-0 7. Bd3 e6 8. 0-0 exd5 9. exd5 Bg4 10. h3 Bxf3 11. Qxf3 Nbd7 12. Bf4 Ne8 13. Rfe1 Ne5 14. Qe3 Nc7 15. Bf1 Re8 16. Qd2 f5 17. Rac1 Bf6 18. Bd3 Qd7 19. Bf1 Re7 20. a3 Rae8 21. Re2 Rg7 22. Bh6 Rge7 23. b3 Nf7 24. Be3 g5 25. f4 Rxe3 0-1

[Event "Olympiad-41"]
[Site "Tromsoe"]
[Date "2014.08.04"]
[Round "3.4"]
[White "Asabri, Hussien"]
[Black "Coppola, Claudio"]
[Result "1/2-1/2"]
[WhiteElo "2202"]
[BlackElo "2190"]
[PlyCount "60"]
[EventDate "2014.08.02"]
[EventType "team-swiss"]
[EventRounds "11"]
[EventCountry "NOR"]
[SourceTitle "CBM 162"]
[Source "ChessBase"]
[SourceDate "2014.09.17"]
[SourceVersion "1"]
[SourceVersionDate "2014.09.17"]
[SourceQuality "1"]
[WhiteTeam "Libya"]
[BlackTeam "Uruguay"]
[WhiteTeamCountry "LBY"]
[BlackTeamCountry "URU"]

1. d4 Nf6 2. Nf3 c5 3. d5 b5 4. Bg5 Qb6 5. Bxf6 exf6 6. e4 d6 7. Nbd2 Be7 8. a4 b4 9. Bb5+ Bd7 10. Nc4 Qc7 11. 0-0 0-0 12. h3 a6 13. Bxd7 Nxd7 14. a5 Rfe8 15. Re1 Bf8 16. Qd3 g6 17. Qd2 Rab8 18. h4 h5 19. Qf4 Ne5 20. Nfxe5 fxe5 21. Qf3 Be7 22. g3 Qd7 23. Kh2 Kg7 24. b3 Rh8 25. Kg2 Rbf8 26. Nb6 Qg4 27. Qxg4 hxg4 28. Nd7 Rd8 29. Nb6 Rdf8 30. Nd7 Rd8 1/2-1/2

[Event "Olympiad-41"]
[Site "Tromsoe"]
[Date "2014.08.03"]
[Round "2.4"]
[White "Whyms, Chappell"]
[Black "Asabri, Hussien"]
[Result "0-1"]
[WhiteElo "1622"]
[BlackElo "2202"]
[PlyCount "46"]
[EventDate "2014.08.02"]
[EventType "team-swiss"]
[EventRounds "11"]
[EventCountry "NOR"]
[SourceTitle "CBM 162"]
[Source "ChessBase"]
[SourceDate "2014.09.17"]
[SourceVersion "1"]
[SourceVersionDate "2014.09.17"]
[SourceQuality "1"]
[WhiteTeam "Bahamas"]
[BlackTeam "Libya"]
[WhiteTeamCountry "BAH"]
[BlackTeamCountry "LBY"]

1. d4 Nf6 2. c4 c5 3. d5 g6 4. Nc3 Bg7 5. e4 d6 6. Nf3 0-0 7. Be2 e6 8. Nd2 exd5 9. cxd5 a6 10. a4 Re8 11. 0-0 Nbd7 12. f4 c4 13. Nxc4 Nxe4 14. Nxe4 Rxe4 15. Be3 Qe7 16. Qd2 Nc5 17. Ra3 Bd7 18. Nb6 Re8 19. b4 Nxa4 20. Nxa4 Rxe3 21. Bd3 Bf5 22. Nc5 dxc5 23. d6 Qxd6 0-1

[Event "Arab Clubs-chT"]
[Site "Monastir"]
[Date "2013.11.07"]
[Round "6.3"]
[White "Asabri, Hussien"]
[Black "Jarraya, Zied"]
[Result "1/2-1/2"]
[WhiteElo "2216"]
[BlackElo "2152"]
[PlyCount "34"]
[EventDate "2013.11.04"]
[EventType "team-tourn"]
[EventRounds "9"]
[EventCountry "TUN"]
[SourceTitle "EXT 2014"]
[Source "ChessBase"]
[SourceDate "2013.11.20"]
[SourceVersion "1"]
[SourceVersionDate "2013.11.20"]
[SourceQuality "1"]
[WhiteTeam "Al Ahli"]
[BlackTeam "Sfax"]
[WhiteTeamCountry "LBY"]
[BlackTeamCountry "TUN"]

1. d4 Nf6 2. Nf3 e6 3. Bg5 c5 4. e3 b6 5. Nbd2 Bb7 6. Bd3 Be7 7. 0-0 0-0 8. c3 cxd4 9. exd4 d6 10. Re1 Nbd7 11. a4 a6 12. c4 d5 13. b3 a5 14. Ne5 dxc4 15. Ndxc4 Nd5 16. Bd2 N7f6 17. Rc1 Bb4 1/2-1/2

[Event "Africa-ch op"]
[Site "Tunis"]
[Date "2013.05.18"]
[Round "1"]
[White "Asabri, Hussien"]
[Black "Belkhodja, Slim"]
[Result "0-1"]
[WhiteElo "2222"]
[BlackElo "2444"]
[PlyCount "64"]
[EventDate "2013.05.18"]
[EventType "swiss"]
[EventRounds "9"]
[EventCountry "TUN"]
[SourceTitle "CBM 154 Extra"]
[Source "ChessBase"]
[SourceDate "2013.06.25"]
[SourceVersion "2"]
[SourceVersionDate "2013.06.25"]
[SourceQuality "1"]

1. d4 d6 2. Nf3 Nf6 3. g3 g6 4. Bg2 Bg7 5. 0-0 0-0 6. c4 Nbd7 7. Nc3 e5 8. e4 a6 9. h3 b5 10. cxb5 axb5 11. b4 c6 12. dxe5 dxe5 13. Be3 Qe7 14. Qb3 Rb8 15. Rfc1 Rd8 16. Rd1 Ne8 17. Rab1 Nb6 18. Bc5 Rxd1+ 19. Rxd1 Qc7 20. Qc2 Ra8 21. Bf1 h6 22. Kh2 Be6 23. Nd2 Nd7 24. Be7 Bf8 25. Bxf8 Kxf8 26. Nb3 Bxb3 27. axb3 Ndf6 28. Qd2 Kg7 29. Qe3 Qe7 30. f4 Ra3 31. Rd3 Rxb3 32. Bg2 Rxb4 0-1

[Event "Nouakchott zt 4.1"]
[Site "Nouakchott"]
[Date "2013.03.31"]
[Round "5"]
[White "Asabri, Hussien"]
[Black "Hemam, Moulaye Brahim"]
[Result "1-0"]
[WhiteElo "2231"]
[BlackElo "2076"]
[PlyCount "69"]
[EventDate "2013.03.29"]
[EventType "swiss"]
[EventRounds "9"]
[EventCountry "MAU"]
[SourceTitle "EXT 2015"]
[Source "ChessBase"]
[SourceDate "2014.11.20"]
[SourceVersion "1"]
[SourceVersionDate "2014.11.20"]
[SourceQuality "1"]

1. d4 d5 2. Nf3 Nf6 3. c4 e6 4. g3 Be7 5. Bg2 0-0 6. 0-0 Nbd7 7. Nc3 c6 8. Qc2 Bb4 9. Bf4 Bxc3 10. bxc3 Ne4 11. Rab1 Qa5 12. cxd5 exd5 13. Rb3 c5 14. c4 dxc4 15. Re3 Nef6 16. Qxc4 b5 17. Qc2 Bb7 18. dxc5 Rfc8 19. Bd6 b4 20. Bh3 Bxf3 21. exf3 Qa6 22. Rd1 Qc6 23. Re7 Re8 24. Rde1 Rxe7 25. Rxe7 Rd8 26. Qc4 Rf8 27. Kg2 a5 28. Qd4 h6 29. Bf5 g6 30. Bd3 Re8 31. Rxe8+ Nxe8 32. Be4 Qc8 33. Be7 Nf8 34. c6 Qe6 35. Qd8 1-0

[Event "Nouakchott zt 4.1"]
[Site "Nouakchott"]
[Date "2013.03.30"]
[Round "2"]
[White "Bah, Brema"]
[Black "Asabri, Hussien"]
[Result "0-1"]
[WhiteElo "2217"]
[BlackElo "2231"]
[PlyCount "40"]
[EventDate "2013.03.29"]
[EventType "swiss"]
[EventRounds "9"]
[EventCountry "MAU"]
[SourceTitle "EXT 2015"]
[Source "ChessBase"]
[SourceDate "2014.11.20"]
[SourceVersion "1"]
[SourceVersionDate "2014.11.20"]
[SourceQuality "1"]

1. e4 e5 2. Nf3 Nc6 3. Bc4 Nf6 4. Ng5 d5 5. exd5 Na5 6. d3 h6 7. Nf3 e4 8. Qe2 Nxc4 9. dxc4 Bc5 10. h3 0-0 11. Nfd2 e3 12. fxe3 Bxe3 13. Kd1 Re8 14. Qd3 b5 15. Re1 bxc4 16. Nxc4 Ng4 17. Bxe3 Rxe3 18. Qd2 Rxe1+ 19. Kxe1 Ba6 20. Nca3 Qf6 0-1

[Event "Olympiad-40"]
[Site "Istanbul"]
[Date "2012.09.07"]
[Round "10.3"]
[White "Samhouri, Bilal"]
[Black "Asabri, Hussien"]
[Result "1-0"]
[WhiteElo "2244"]
[BlackElo "2211"]
[PlyCount "99"]
[EventDate "2012.08.28"]
[EventType "team-swiss"]
[EventRounds "11"]
[EventCountry "TUR"]
[SourceTitle "CBM 151"]
[Source "ChessBase"]
[SourceDate "2012.11.13"]
[SourceVersion "1"]
[SourceVersionDate "2012.11.13"]
[SourceQuality "1"]
[WhiteTeam "Jordan"]
[BlackTeam "Libya"]
[WhiteTeamCountry "JOR"]
[BlackTeamCountry "LBY"]

1. Nf3 Nf6 2. c4 g6 3. g3 Bg7 4. d4 0-0 5. Bg2 d6 6. 0-0 Nc6 7. Nc3 a6 8. h3 Bf5 9. d5 Na5 10. Nd2 c5 11. a4 Qc7 12. b3 e5 13. e4 Bd7 14. Qc2 Nh5 15. Kh2 Rae8 16. Qd1 Qd8 17. Rb1 Qc7 18. Re1 Rc8 19. Nf1 Be8 20. Bf3 Nf6 21. Bg5 h6 22. Bd2 Bd7 23. g4 Nh7 24. Qc1 f5 25. Nd1 fxg4 26. Bxg4 Bxg4 27. hxg4 Qd8 28. Kg2 b6 29. f3 Qf6 30. Nh2 Rc7 31. Nf2 Rcf7 32. Nh3 g5 33. Ng1 Qg6 34. Rf1 h5 35. Nh3 hxg4 36. Nxg4 Nf6 37. Nxf6+ Bxf6 38. Nf2 Bg7 39. Bxa5 Rxf3 40. Be1 Qh5 41. Qd1 g4 42. Rh1 Qg6 43. Qe2 g3 44. Nh3 Qg4 45. Rb2 R8f6 46. Rf1 Rh6 47. Qxf3 Qxh3+ 48. Kg1 Rg6 49. Rg2 Qh6 50. Rxg3 1-0

[Event "Olympiad-40"]
[Site "Istanbul"]
[Date "2012.08.28"]
[Round "1.3"]
[White "Asabri, Hussien"]
[Black "Paragua, Mark"]
[Result "0-1"]
[WhiteElo "2211"]
[BlackElo "2508"]
[PlyCount "60"]
[EventDate "2012.08.28"]
[EventType "team-swiss"]
[EventRounds "11"]
[EventCountry "TUR"]
[SourceTitle "CBM 151"]
[Source "ChessBase"]
[SourceDate "2012.11.13"]
[SourceVersion "1"]
[SourceVersionDate "2012.11.13"]
[SourceQuality "1"]
[WhiteTeam "Libya"]
[BlackTeam "Philippines"]
[WhiteTeamCountry "LBY"]
[BlackTeamCountry "PHI"]

1. d4 Nf6 2. Nf3 g6 3. g3 Bg7 4. Bg2 0-0 5. 0-0 d6 6. c4 Nbd7 7. Nc3 e5 8. e4 exd4 9. Nxd4 Re8 10. h3 Nc5 11. Re1 Bd7 12. Bf4 h6 13. Nb3 Ne6 14. Be3 Ng5 15. Bxg5 hxg5 16. c5 g4 17. h4 Qe7 18. cxd6 cxd6 19. Qd2 Rad8 20. Rad1 Bc8 21. Nb5 Qe5 22. Na3 Be6 23. Nd4 Bd7 24. Nb3 Bc6 25. Nc4 Qe7 26. Qb4 Nxe4 27. Bxe4 Bxe4 28. Nxd6 Bf8 29. Qa4 Bc6 30. Rxe7 Bxa4 0-1

[Event "Arab Games"]
[Site "Doha"]
[Date "2011.12.17"]
[Round "5"]
[White "Asabri, Hussien"]
[Black "Samhouri, Bilal"]
[Result "1/2-1/2"]
[WhiteElo "2189"]
[BlackElo "2283"]
[PlyCount "44"]
[EventDate "2011.12.13"]
[EventType "team-swiss"]
[EventRounds "9"]
[EventCountry "QAT"]
[SourceTitle "CBM 145 Extra"]
[Source "ChessBase"]
[SourceDate "2012.01.03"]
[SourceVersion "1"]
[SourceVersionDate "2012.01.03"]
[SourceQuality "1"]
[WhiteTeam "Libya"]
[BlackTeam "Jordan"]
[WhiteTeamCountry "LBY"]
[BlackTeamCountry "JOR"]

1. d4 Nf6 2. Nf3 c5 3. d5 g6 4. Nc3 d6 5. e4 Bg7 6. Be2 0-0 7. 0-0 Na6 8. Nd2 Nc7 9. a4 b6 10. Nc4 Rb8 11. Bf4 Nd7 12. Re1 Ne5 13. Bg3 Nxc4 14. Bxc4 a6 15. e5 b5 16. axb5 axb5 17. exd6 exd6 18. Bf1 f5 19. Qd2 g5 20. f4 g4 21. Kh1 Kh8 22. Ra7 Bf6 1/2-1/2